[Event "Bosnjaci op 19th"]
[Site "Bosnjaci"]
[Date "2014.01.03"]
[Round "1"]
[White "Armanda, Ivica"]
[Black "Pejic, Mirko"]
[Result "1-0"]
[WhiteElo "2368"]
[BlackElo "1863"]
[PlyCount "41"]
[EventDate "2014.01.03"]
[EventType "swiss"]
[EventRounds "9"]
[EventCountry "CRO"]
[SourceTitle "CBM 158 Extra"]
[Source "ChessBase"]
[SourceDate "2014.02.28"]
[SourceVersion "1"]
[SourceVersionDate "2014.02.28"]
[SourceQuality "1"]

1. e4 e5 2. Nf3 Nc6 3. Bc4 Bc5 4. c3 Nf6 5. d3 0-0 6. 0-0 d6 7. a4 a6 8. Re1 Bg4 9. h3 Bh5 10. Nbd2 h6 11. Nf1 Ne7 12. Ng3 Bg6 13. a5 c6 14. Ba2 b5 15. Nh4 Bh7 16. Qf3 b4 17. Bxh6 Nxe4 18. Nxe4 Bxe4 19. Qg4 Bg6 20. Nxg6 Nxg6 21. Qxg6 1-0

[Event "CRO-chT U20 17th"]
[Site "Sv Filip i Jakov"]
[Date "2008.03.30"]
[Round "11"]
[White "Petrusic, Branimir"]
[Black "Pejic, Mirko"]
[Result "1-0"]
[WhiteElo "1901"]
[BlackElo "1865"]
[PlyCount "79"]
[EventDate "2008.03.25"]
[EventType "team-tourn"]
[EventRounds "11"]
[EventCountry "CRO"]
[SourceTitle "EXT 2010"]
[Source "ChessBase"]
[SourceDate "2010.11.25"]
[SourceVersion "1"]
[SourceVersionDate "2010.11.25"]
[SourceQuality "1"]

1. e4 e5 2. Nf3 Nc6 3. Bc4 Bc5 4. 0-0 Nf6 5. d3 0-0 6. a4 a6 7. c3 d6 8. h3 Ba7 9. Bg5 h6 10. Bh4 Qe7 11. Nbd2 Be6 12. b4 Bxc4 13. Nxc4 Qe6 14. Ne3 Ne7 15. Nh2 Ng6 16. Bxf6 Qxf6 17. Nhg4 Qd8 18. g3 Ne7 19. Qf3 Bxe3 20. Nxe3 Qd7 21. g4 Ng6 22. Nf5 Nf4 23. Kh2 Kh7 24. Rad1 g6 25. Ne3 Qxa4 26. Ng2 g5 27. Nxf4 exf4 28. d4 Qb5 29. Rfe1 f6 30. Ra1 b6 31. Re2 Rfe8 32. Rae1 Kg7 33. h4 a5 34. h5 a4 35. e5 fxe5 36. Qe4 Rh8 37. Qg6+ Kf8 38. dxe5 Qe8 39. Qf6+ Qf7 40. Qxh8+ 1-0

[Event "CRO-chT U20 17th"]
[Site "Sv Filip i Jakov"]
[Date "2008.03.29"]
[Round "9"]
[White "Grguric, Daria"]
[Black "Pejic, Mirko"]
[Result "1-0"]
[WhiteElo "1885"]
[BlackElo "1865"]
[PlyCount "151"]
[EventDate "2008.03.25"]
[EventType "team-tourn"]
[EventRounds "11"]
[EventCountry "CRO"]
[SourceTitle "EXT 2010"]
[Source "ChessBase"]
[SourceDate "2010.11.25"]
[SourceVersion "1"]
[SourceVersionDate "2010.11.25"]
[SourceQuality "1"]

1. d4 d5 2. c4 Nf6 3. Nc3 c6 4. Nf3 Bf5 5. Qb3 b6 6. cxd5 cxd5 7. Bf4 e6 8. e3 Nbd7 9. Bb5 Be7 10. Ne5 0-0 11. Nc6 Qe8 12. Ba6 Nc5 13. Nxe7+ Qxe7 14. dxc5 Qxc5 15. 0-0 Nh5 16. Bg3 Qe7 17. Be2 Nf6 18. Rfd1 Rfc8 19. Rac1 g5 20. Nb5 Ne4 21. Nd4 Bg6 22. Nc6 Qb7 23. Ne5 Bf5 24. Bg4 Nc5 25. Qb5 a6 26. Qe2 Be4 27. f3 Bg6 28. Nxg6 hxg6 29. Be5 Nd7 30. Bc3 b5 31. e4 b4 32. Be1 Rxc1 33. Rxc1 Nf6 34. exd5 Nxd5 35. Bf2 Nf4 36. Qc4 Rd8 37. g3 Nd5 38. Qc6 Qe7 39. Qxa6 Kh7 40. Rc8 Rxc8 41. Qxc8 Qf6 42. Qc2 Qd8 43. a3 bxa3 44. bxa3 Qa5 45. Qb2 Qa4 46. Qb7 Kg8 47. Qc8+ Kg7 48. Qc1 Qb3 49. Bd4+ Kh7 50. Qb2 Qd1+ 51. Kg2 Qe1 52. a4 e5 53. Bf2 Qa5 54. Qc2 Qb4 55. Qc5 Qd2 56. a5 Nb4 57. Qxe5 f5 58. Qe7+ Kg8 59. Bxf5 gxf5 60. Qe6+ Kg7 61. Qxf5 Nd3 62. Qd7+ Kg6 63. Qe6+ Kg7 64. Qe3 Qc2 65. Qxg5+ Kf7 66. Qe3 Kf6 67. a6 Nxf2 68. Qxf2 Qc6 69. a7 Qa8 70. Qb6+ Kg5 71. Qb8 Qc6 72. Qg8+ Kf6 73. a8Q Qc2+ 74. Kh3 Qf5+ 75. Qg4 Qh7+ 76. Qh4+ 1-0

[Event "CRO-chT U20 17th"]
[Site "Sv Filip i Jakov"]
[Date "2008.03.26"]
[Round "4"]
[White "Pejic, Mirko"]
[Black "Popovic, Bojana"]
[Result "1-0"]
[WhiteElo "1865"]
[BlackElo "1850"]
[PlyCount "69"]
[EventDate "2008.03.25"]
[EventType "team-tourn"]
[EventRounds "11"]
[EventCountry "CRO"]
[SourceTitle "EXT 2010"]
[Source "ChessBase"]
[SourceDate "2010.11.25"]
[SourceVersion "1"]
[SourceVersionDate "2010.11.25"]
[SourceQuality "1"]

1. e4 c5 2. Nc3 Nc6 3. d3 Nf6 4. f4 d6 5. Nf3 g6 6. Be2 Bg7 7. 0-0 Qb6 8. Kh1 a6 9. Rb1 Qc7 10. Qe1 b5 11. a3 Nd4 12. Bd1 Bg4 13. Nxd4 cxd4 14. Ne2 e5 15. h3 Bxe2 16. Qxe2 Nh5 17. Qg4 Nxf4 18. Bxf4 exf4 19. Rxf4 0-0 20. Rf2 Rae8 21. Bf3 Re5 22. Rbf1 Qe7 23. Qf4 Rg5 24. Qd2 Bh6 25. Qb4 Bg7 26. Qa5 Qa7 27. Bd1 Rc5 28. Qd2 Qe7 29. Qb4 Be5 30. Rf3 Qg5 31. Qb3 Rc7 32. Qd5 Kg7 33. c3 dxc3 34. bxc3 Bxc3 35. Qxg5 1-0

[Event "CRO-chT U20 16th"]
[Site "Sv Filip i Jakov"]
[Date "2007.04.15"]
[Round "11"]
[White "Pejic, Mirko"]
[Black "Plenca, Julian"]
[Result "0-1"]
[WhiteElo "1937"]
[BlackElo "2211"]
[PlyCount "90"]
[EventDate "2007.04.10"]
[EventType "team-tourn"]
[EventRounds "11"]
[EventCountry "CRO"]
[SourceTitle "EXT 2010"]
[Source "ChessBase"]
[SourceDate "2010.11.25"]
[SourceVersion "1"]
[SourceVersionDate "2010.11.25"]
[SourceQuality "1"]

1. e4 c5 2. Nf3 a6 3. d4 cxd4 4. Nxd4 Nf6 5. Nc3 e5 6. Nf3 Bb4 7. Bd2 0-0 8. Bd3 Nc6 9. a3 Bxc3 10. Bxc3 d5 11. Qe2 Bg4 12. h3 Bh5 13. 0-0 Re8 14. Rad1 Kh8 15. b3 Bg6 16. Nd2 d4 17. Bb2 b5 18. Rfe1 Qd7 19. Nf1 Nh5 20. Bc1 Nf4 21. Bxf4 exf4 22. Qf3 Qd6 23. b4 Qe5 24. g3 fxg3 25. fxg3 a5 26. bxa5 Rxa5 27. Rb1 Rxa3 28. Qg4 b4 29. Nd2 Qe6 30. Qh4 Ne5 31. Be2 Qd6 32. Qf4 Rc3 33. Rb2 Re3 34. Kf2 h6 35. Reb1 Re6 36. Nf3 Rxe4 37. Qd2 Rxe2+ 38. Qxe2 Ng4+ 39. hxg4 Rxe2+ 40. Kxe2 d3+ 41. Kf2 dxc2 42. Rc1 Qd1 43. Rbxc2 Qxc2+ 44. Rxc2 Bxc2 45. Ke2 b3 0-1

[Event "CRO-chT U20 16th"]
[Site "Sv Filip i Jakov"]
[Date "2007.04.14"]
[Round "10"]
[White "Djuric, Dario"]
[Black "Pejic, Mirko"]
[Result "1/2-1/2"]
[WhiteElo "1852"]
[BlackElo "1937"]
[PlyCount "48"]
[EventDate "2007.04.10"]
[EventType "team-tourn"]
[EventRounds "11"]
[EventCountry "CRO"]
[SourceTitle "EXT 2010"]
[Source "ChessBase"]
[SourceDate "2010.11.25"]
[SourceVersion "1"]
[SourceVersionDate "2010.11.25"]
[SourceQuality "1"]

1. d4 d5 2. Bf4 Bf5 3. Nf3 e6 4. c3 c5 5. e3 Nc6 6. Bd3 Bxd3 7. Qxd3 Qb6 8. b3 Na5 9. dxc5 Qxc5 10. Nbd2 Qb6 11. 0-0 Nf6 12. e4 Rd8 13. e5 Nd7 14. Bg5 Be7 15. Bxe7 Kxe7 16. Rfe1 Nc6 17. b4 h6 18. Nb3 Qc7 19. Qe3 Nb6 20. Qc5+ Kd7 21. Rad1 Na4 22. Qe3 b5 23. Nc5+ Nxc5 24. Qxc5 a6 1/2-1/2

[Event "CRO-chT U20 16th"]
[Site "Sv Filip i Jakov"]
[Date "2007.04.14"]
[Round "9"]
[White "Pejic, Mirko"]
[Black "Zlomislic, Vinko"]
[Result "0-1"]
[WhiteElo "1937"]
[BlackElo "2120"]
[PlyCount "72"]
[EventDate "2007.04.10"]
[EventType "team-tourn"]
[EventRounds "11"]
[EventCountry "CRO"]
[SourceTitle "EXT 2010"]
[Source "ChessBase"]
[SourceDate "2010.11.25"]
[SourceVersion "1"]
[SourceVersionDate "2010.11.25"]
[SourceQuality "1"]

1. e4 c6 2. d4 d5 3. exd5 cxd5 4. Nf3 Nc6 5. c3 Bg4 6. Bd3 e6 7. h3 Bh5 8. 0-0 Bd6 9. Nbd2 Nf6 10. Re1 0-0 11. Qc2 Qc7 12. Ng5 Bg6 13. Bxg6 hxg6 14. Ndf3 Rfc8 15. Qe2 Rab8 16. Qd3 b5 17. a3 a5 18. b4 a4 19. Bd2 e5 20. dxe5 Nxe5 21. Nxe5 Bxe5 22. Rac1 Bf4 23. g3 Bxd2 24. Qxd2 Qc4 25. Re7 d4 26. Qf4 dxc3 27. Qxc4 Rxc4 28. Rc2 Nd5 29. Rxf7 Re8 30. Kf1 Rd4 31. Rb7 Rd2 32. Rc1 c2 33. Kg2 Ne3+ 34. Kf3 Rd1 35. Rxc2 Nxc2 36. Rxb5 Nd4+ 0-1

[Event "CRO-chT U20 16th"]
[Site "Sv Filip i Jakov"]
[Date "2007.04.13"]
[Round "7"]
[White "Sambolec, Andreja"]
[Black "Pejic, Mirko"]
[Result "1-0"]
[WhiteElo "1851"]
[BlackElo "1937"]
[PlyCount "55"]
[EventDate "2007.04.10"]
[EventType "team-tourn"]
[EventRounds "11"]
[EventCountry "CRO"]
[SourceTitle "EXT 2010"]
[Source "ChessBase"]
[SourceDate "2010.11.25"]
[SourceVersion "1"]
[SourceVersionDate "2010.11.25"]
[SourceQuality "1"]

1. e4 e5 2. Nf3 Nc6 3. Bb5 Bc5 4. c3 Nge7 5. 0-0 0-0 6. d4 exd4 7. cxd4 Bb6 8. Nc3 a6 9. Ba4 d6 10. h3 Ba7 11. a3 b5 12. Bc2 Ng6 13. Re1 Nh4 14. Nxh4 Qxh4 15. Be3 Re8 16. Qd2 h6 17. Rad1 Bb7 18. Qe2 Qf6 19. Nd5 Qd8 20. Qg4 Kh8 21. Qf5 Ne7 22. Qxf7 Bxd5 23. exd5 Rf8 24. Qh5 Qd7 25. Bxh6 Nf5 26. Bg5+ Kg8 27. g4 Nh6 28. Re7 1-0